Quizzes
Events
Quiz Creation
Community
Videos
Private Events
Remove Ads
Sign In
Join for FREE
Feedback
Dark Mode
Quiz Categories
Sports
Geography
Music
Movies
Television
Just For Fun
Miscellaneous
History
Literature
Language
Science
Gaming
Entertainment
Religion
Holiday
For Kids
Quiz Lab
Recent
Popular Today
Quiz Kudos Today
Editor Picks
Curator Picks
Quizzes by...
Day
Popularity
Type
Ratings
Length
Year
Community
Subscriptions
Recent Discussions
Orange Saloon
Badges
Playlists
Quests
Create
Leaderboards
Showdown
Live 5
Trivia Bingo
Activity
Puzzle Library
Sporcle Events
Private Events
Virtual Trivia
Globe League
Become a Host
Pub Owners
SporcleCon
Opinionation
Our Games
Videos
Blog
Mobile Apps
Partnerships
Remove Ads and Go Orange
Feedback
Geography
Country
Landmarks
City
State
Population
World
Capital
Continent
Flags
Europe
Africa
Asia
South America
North America
Oceania
Border
Canada
United Kingdom
Topography
United States
Geography
Country
Landmarks
City
State
Population
World
Capital
Continent
Flags
Europe
Africa
Asia
South America
North America
Oceania
Border
Canada
United Kingdom
Topography
United States
Random Quiz
Search Sporcle
×
Quiz Lab
Quiz Lab
Geography
North America
Click on regions of an image
Click on regions of an image
Picture Click
Best Score? Go Orange.
Countries with no Territorial Dispute Stats
Can you find all of the countries of the world that do not have any territorial dispute?
By
NO_r_WAY
7m
76 Questions
2,115 Plays
2,115 Plays
2,115 Plays
Comments
Comments
Give Quiz Kudos
Give Quiz Kudos
-
- Ratings
hide this ad
Replay
Link that replays current quiz
Next Quiz
Link to next quiz in quiz playlist
You Got
0%
They Got
Avg Score
39%
Avg Friend Score
Upgrade to see
Score Distribution
Jump to the score distribution portion of the page
Score
0/76
Timer
07:00
0
Plays Today
% Correct
Sweden
57.8%
Switzerland
57.5%
Austria
57%
Liechtenstein
55.3%
Finland
54.4%
Vatican City
54.4%
San Marino
54.3%
Czechia
54.1%
Norway
53.7%
Monaco
53.4%
Chad
52.9%
Slovakia
51.7%
Hungary
50.9%
Algeria
50.8%
Seychelles
50.7%
Niger
50.4%
Libya
48%
Kiribati
47.5%
Tuvalu
47.5%
Nauru
47.1%
Mongolia
47%
Ecuador
45.6%
Peru
45.6%
Mali
44.9%
Trinidad
and Tobago
44.9%
Romania
44.5%
St. Vincent and
the Grenadines
44.5%
Micronesia
43.9%
St. Lucia
43.6%
Barbados
43.3%
Paraguay
42.8%
Samoa
42.5%
Mauritania
40.9%
CAR
40.5%
Grenada
40.3%
Belgium
40.2%
Solomon Islands
39.4%
Bulgaria
39.1%
% Correct
Palau
39.1%
Poland
39%
Andorra
38.9%
Antigua
and Barbuda
38.7%
Latvia
37.9%
Costa
Rica
37.5%
The Bahamas
37.4%
Luxembourg
37.4%
Lithuania
37.3%
Panama
37.2%
Lesotho
37.1%
Cabo Verde
36.9%
Estonia
36.7%
St. Kitts
and Nevis
36.2%
Botswana
36%
Angola
35.2%
Papua New Guinea
34.8%
Tunisia
33.2%
São Tomé
32.5%
Turkmenistan
32.3%
Dominican Republic
32.1%
Albania
32%
Afghanistan
31.5%
Belarus
30.4%
Ghana
29.5%
Togo
29.1%
Senegal
28.5%
Liberia
28.2%
North Macedonia
27.9%
Mozambique
27.8%
Sierra Leone
27.7%
The Gambia
26.3%
Sri Lanka
26%
Guinea-Bissau
25.3%
Laos
22.6%
Malta
16.5%
Jordan
11.8%
Timor-Leste
10.9%
Quiz Playlist
Details
Report
Send in Message
Add To Playlist
Picture Click:
Click on regions of an image
Quiz Source
Last Updated: Jul 30, 2020
Quiz Scoreboard
CHALLENGE
Sign Up to Join the Scoreboard
Show All
Scores
Hide
Comments
May contain spoilers
Recently Published
College Basketball Coaching Resumes
by pancakes188
Sports
9m
Billboard Blitz: Fleetwood Mac
by CooCooCachoo
Music
15s
Presidents Visiting Landmarks
by Hejman
History
7m
More to Explore
Quiz From the Vault
Featured Blog Post
Where Did the Easter Bunny Come From?
hide this ad
You Might Also Like...
Tags
Africa Quiz
Asia Quiz
Border Quiz
Country Quiz
Europe Quiz
Nation Quiz
North America Quiz
Oceania Quiz
Politics Quiz
South America Quiz
State Quiz
World Quiz
Today's Top Quizzes in Geography
Browse Geography
hide this ad
Today's Top Quizzes in North America
Browse North America
Top Contributed Quizzes in Geography
1
Countries of the World - No Outlines Minefield
2
Top 25 Cities of France on a map
3
Any capital of a 'B' country per Continent
4
Any capital of a 'C' country per Continent
5
Closest Countries to UK A-Z
6
Any capital of a 'D' country per Continent
7
5-to-1: US Geography No Hints
8
Any capital of an 'E' country per Continent
9
Any capital of an 'F' country per Continent
10
One Thing in Common: United Kingdom
Explore More
Trending Topics
Kpop
NBA
Marvel
Harry Potter
Disney
Anime
Crossword
Country
Puzzle
WWE
Soccer
The Office
Pokémon
NFL
Song
hide this ad
More By:
NO_r_WAY
Quiz
Plays
Rating
Category
Featured
Created
Country by Soccer Player
249,056
4.10
Sports
Jul 11, 2016
Country on a Map Per Letter: Europe
171,872
4.63
Geography
Oct 29, 2018
Europe by Soccer Teams
161,809
4.36
Sports
Dec 2, 2016
2018 World Cup Teams
127,236
4.67
Sports
Nov 17, 2017
Ridiculously Obvious Signs
113,280
4.70
Just For Fun
May 30, 2017
Go to Creator's Profile
Score Distribution
Quiz Creator Spotlight
NO_r_WAY
Follow
Send a Message
Quizzes Created
-
Created Quiz Play Count
-
More By This Creator
Popular Quizzes Today
1
Find the US States - No Outlines Minefield
2
Find the Countries of Europe - No Outlines Minefield
3
The Countries of the World
4
Find the US States
5
Risky Map Clicking: Biggest States A-Z
6
US States
7
Popular People in 1961
8
Movies - When Are They Set?
More Geography Quizzes
New Hampshire Physical Geography
Quiz Lab
Trending Quizzes
Risky Map Clicking: Least Populous States A-Z
1-10 Letter G Words
1-10 Letter F Words
Risky Map Clicking: Next State Alphabetically
Risky Map Clicking: Biggest States A-Z
Recently Updated
Leaping Animals
pecheneg
Reality TV Shows (A-Z)
bhenderson79
Rickey Henderson's Hall of Fame Teammates
pecheneg
Champions League XIs: Arsenal
pecheneg
Quick Pick: Celebrities in WWE's Hall of Fame
aduchscher
A-Z Keypad Blitz II
pecheneg
Multiple Oscar Actors
pecheneg
Mystery Phrase Blitz: Oscar 'Best Actors'
pecheneg
F. Scott Fitzgerald Novels
LTH
Pick 3 Villains
ddd62291
Trending Topics
Marvel
NBA
Disney
Anime
Crossword
Kpop
Harry Potter
Pokémon
WWE
Puzzle
Song
NFL
Soccer
The Office
Country
Your Account Isn't Verified!
In order to create a playlist on Sporcle, you need to verify the email address you used during registration. Go to your
Sporcle Settings
to finish the process.
Report this User
Report this user for behavior that violates our
Community Guidelines
.
Details:
Send Report
Go to the Sporcle.com Mobile Site →
Comments